000 01273aam a2200289 i 4500
001 768714001
003 CO-MdFUSB
005 20250519102005.0
007 ta
008 250519t1934 nyu |||| |||| 00| 0 eng d
040 _cCO-MdFUSB
041 _aeng
082 0 4 _223
_a248.22
_bH17e
100 1 _aHarton, F. P.
_eautor
245 1 0 _aThe elements of the spiritual life
_b: a study in ascetical theology
_c/ F. P. Harton
264 0 _bSPCK,
_aEstados Unidos :
_c[1934]
300 _a344 páginas
336 _atexto
_btxt
_2rdacontent
337 _2rdamedia
_asin mediación
_bn
338 _2rdacarrier
_avolumen
_bnc
505 _aLa vida cristiana - La gracia habitual - La gracia real - Las virtudes teológicas - Las virtudes cardinales - Los dones del Espíritu - La naturaleza humana y el pecado - Los enemigos del alma - Tentación - El pecado real - Los pecados capitales - Arrepentimiento - La mortificación - Los sacramentos - La oración y sus divisiones - Meditación - La oración afectiva - La oración contemplativa - Recolección - La oración litúrgica - Perfección - Los tres caminos - La dirección de las almas
563 _aPasta dura
650 0 _aVida cristiana
_919
942 _cBK
945 _aJTF-925
999 _c45941
_d45941